000 00549pab a2200193 454500
008 180718b2007 xxu||||| |||| 00| 0 eng d
100 _aChan, Hons S.
245 _aCivil service law in the People's Republic of China: a return to cadre personnel management
260 _c2007
300 _ap.383-98.
362 _aMay-Jun
650 _aPersonnel management - China
650 _aCivil service - China
650 _aCivil service
700 _aSuizhou, Edward Li
773 _aPublic Administration Review
908 _aN
909 _a77751
999 _c77751
_d77751